| 000 | 00991ata a2200325 4500 | ||
|---|---|---|---|
| 005 | 20220202171849.0 | ||
| 008 | 150715b xxu||||| |||| 00| | spa d | ||
| 041 | _aEspañol | ||
| 082 | _a658 Ch532i7 | ||
| 100 |
_aChiavenato, Idalberto _93032 |
||
| 245 | _aIntroducción a la teoría general de la administración | ||
| 250 | _a7 edición | ||
| 260 | _aMéxico | ||
| 260 | _bMcGraw-Hill | ||
| 260 | _c2006 | ||
| 300 | _a562 páginas | ||
| 650 |
_aADMINISTRACIÓN _9268 |
||
| 650 |
_aTEORÍA ORGANIZACIONAL _962421 |
||
| 650 |
_aHISTORIA _943 |
||
| 650 |
_aADMINISTRACIÓN CIENTÍFICA _962422 |
||
| 650 |
_aENFOQUE HUMANISTA _962423 |
||
| 650 |
_aRELACIONES HUMANAS _962424 |
||
| 650 |
_aTEORÍA CLÁSICA _962425 |
||
| 650 |
_aTEORÍA NEOCLÁSICA _962426 |
||
| 650 |
_aADMINISTRACIÓN POR OBJETIVOS _962427 |
||
| 650 |
_aTEORÍA ESTRUCTURALISTA _962428 |
||
| 650 |
_aTEORÍA MATEMÁTICA DE LA ADMINISTRACIÓN _962429 |
||
| 650 |
_aTEORÍA DE SISTEMAS _962430 |
||
| 942 | _cBK | ||
| 999 |
_c1765 _d1765 |
||